[Event "Corus"]
[Site "Wijk aan Zee"]
[Date "2003.01.19"]
[Round "7"]
[White "Grischuk, Alexander"]
[Black "Krasenkow, Michal"]
[Result "1-0"]
[WhiteElo "2712"]
[BlackElo "2633"]
[Annotator "Ftacnik,L"]
[PlyCount "95"]
[EventDate "2003.01.11"]
[EventType "tourn"]
[EventRounds "13"]
[EventCountry "NED"]
[EventCategory "18"]
[SourceTitle "CBM 093"]
[Source "ChessBase"]
[SourceDate "2003.04.01"]
[SourceVersion "1"]
[SourceVersionDate "2003.04.01"]
[SourceQuality "1"]

1. e4 c5 2. Nf3 e6 3. d4 cxd4 4. Nxd4 Nf6 5. Nc3 Nc6 6. Ndb5 d6 7. Bf4 e5 8.
Bg5 a6 9. Na3 b5 10. Bxf6 gxf6 11. Nd5 f5 12. Bd3 Be6 13. Qh5 Rg8 14. g3 Rg5
15. Qd1 Bxd5 16. exd5 Ne7 17. c3 Qb6 18. Nc2 e4 19. Be2 f4 $5 {Very sensible
solution, black is improving his situation with the elimination of the
unpleasant pawn d5.} 20. Qd2 (20. gxf4 Rxd5 21. Qc1 Rc5 22. f3 d5 $11) 20...
Rxd5 21. Qxf4 Re5 (21... Rf5 22. Qxe4 Qxf2+ 23. Kd1 Rd5+ 24. Bd3 f5 25. Qe2
Qxe2+ 26. Kxe2 $14) 22. O-O Bg7 23. Kh1 b4 $2 {[%mdl 32] Strategic mistake,
since after swap of the pawn white squared bishop of Grischuk will become very
active.} (23... d5 24. Rad1 Qg6 $11) 24. c4 $1 (24. Nxb4 a5 25. Bc4 f5 (25...
d5 26. Nxd5 Nxd5 27. Bxd5 Rxd5 28. Qxe4+ Qe6 29. Qxh7 $13) 26. Qg5 Kf8 $15)
24... d5 (24... b3 25. Ne3 (25. axb3 Qxb3 26. Qd2 $14) 25... h5 26. f3 Ng6 27.
Nd5 Qd4 28. Qc1 Rc8 29. Nc3 $14) 25. Rad1 Rd8 26. cxd5 Nxd5 (26... Rdxd5 27.
Qg4 $1 Kf8 28. Ne3 Rxd1 29. Rxd1 $16) 27. Qh4 Qg6 (27... b3 28. Qxh7 $5 (28.
axb3 Qg6 29. Ne3 $14) 28... bxc2 29. Qxg7 Qxb2 30. Rc1 Rd6 31. Rxc2 Qxc2 32.
Qxe5+ Re6 33. Qb8+ $16) 28. Ne3 Bf6 29. Qh3 Nxe3 (29... Be7 30. Nc4 Rf5 31. f4
$1 exf3 32. Bxf3 $16) 30. Rxd8+ Bxd8 (30... Kxd8 31. fxe3 Re6 32. Bc4 Rd6 33.
Bxa6 $1 $16) 31. fxe3 Rc5 32. b3 $1 a5 (32... Rc2 $2 33. Bh5 $18) 33. Bc4 {
In this technical position black has palpable weaknesses and no counterplay,
the defense will be very unpleasant affair.} Bf6 (33... f5 34. Be2 Ke7 35. g4
$1 fxg4 36. Bxg4 $16) 34. Rf4 Ke7 35. Qf1 (35. Qg2 Re5 36. Qd2 $16) 35... Re5
36. Qd1 Rc5 37. Bd5 Bb2 (37... Qg5 38. Bxe4 Be5 39. Rf3 $16) 38. Bxf7 Qd6 (
38... Qc6 39. Bc4 $16) 39. Qe2 (39. Rxe4+ Re5 40. Rxe5+ Qxe5 41. Qf3 $16) 39...
Rc1+ 40. Kg2 Be5 (40... Qd1 41. Qb5 Rc2+ 42. Kh3 Qd7+ 43. Qxd7+ Kxd7 44. Rxe4
$16) 41. Rf5 Bf6 (41... Rc5 42. Bc4 $16) 42. Bd5 Qd7 (42... Rc5 43. Qh5 Kd8 44.
Qxh7 Rc2+ 45. Kh3 $18) 43. Qh5 $1 {White is going for the decisive attack, the
counterplay of black will be refuted in a very ellegant way.} Rc2+ 44. Kf1 (44.
Kh3 Kd8 45. Bxe4 Rxa2 46. Qh6 $18) 44... Rc1+ 45. Ke2 Kd8 (45... Rc2+ 46. Kd1
Rc8 47. Qf7+ $18) 46. Rxf6 Qb5+ 47. Kd2 Qc5 (47... Qd3+ 48. Kxc1 Qxe3+ 49. Kd1
Qd4+ 50. Ke2 Qd3+ 51. Kf2 Qd4+ 52. Kg2 Qxf6 53. Bxe4 $18) (47... Ra1 48. Rf8+
Kc7 49. Qe5+ $18) 48. Rd6+ $1 (48. Rd6+ Qxd6 (48... Ke7 49. Qe5+ Kf8 50. Rd8#)
49. Qg5+ Kc7 50. Kxc1 $18) 1-0

[Event "Corus"]
[Site "Wijk aan Zee"]
[Date "2003.01.23"]
[Round "10"]
[White "Grischuk, Alexander"]
[Black "Polgar, Judit"]
[Result "0-1"]
[WhiteElo "2712"]
[BlackElo "2700"]
[Annotator "Ftacnik,L"]
[PlyCount "94"]
[EventDate "2003.01.11"]
[EventType "tourn"]
[EventRounds "13"]
[EventCountry "NED"]
[EventCategory "18"]
[SourceTitle "CBM 093"]
[Source "ChessBase"]
[SourceDate "2003.04.01"]
[SourceVersion "1"]
[SourceVersionDate "2003.04.01"]
[SourceQuality "1"]

1. e4 c5 2. Nf3 e6 3. d4 cxd4 4. Nxd4 Nc6 5. Nc3 Qc7 6. Be3 a6 7. Qd2 b5 8.
Nxc6 Qxc6 9. f3 Bb7 10. O-O-O Ne7 11. Kb1 Ng6 12. h4 b4 13. Ne2 Ne5 14. Nf4 Rc8
15. Bd4 f6 (15... Nc4 16. Bxc4 Qxc4 17. Rh3 $14) 16. Nh5 Qd6 17. Qe1 (17. Rh3
Nc6 18. Be3 Qxd2 19. Rxd2 Ne7 $11) 17... Qc7 18. Rd2 Bc5 $2 {Polgar was living
under impression, that it is not possible to eat the pawn on g7, but it is
anything but truth.} (18... Qa5 19. Be3 d5 (19... Nxf3 20. Nxg7+ Bxg7 21. gxf3
f5 $11) 20. Qg3 Kf7 $13) 19. Nxg7+ (19. Bxc5 Qxc5 20. Nxg7+ Ke7 (20... Kf7 21.
f4 Ng6 22. Qe2 Qc6 23. Nh5 Qxe4 24. Rxd7+ Ne7 25. Qd1 $16) 21. Qd1 (21. Nh5
Nxf3 22. gxf3 Qxh5 23. Rg1 $16) 21... Rc7 22. Nh5 $16) 19... Ke7 20. Qe3 $6 (
20. Bxc5+ Qxc5 21. Qd1 $16) 20... h5 $1 21. Be2 (21. f4 Ng4 22. Qd3 (22. Bxc5+
Qxc5 23. Qd3 Bc6 24. e5 fxe5 25. Qg6 Rcg8 $15) 22... Bxd4 23. Qxd4 Rh7 24.
Qxb4+ Kf7 25. Nxh5 Rxh5 26. Be2 Rg8 $11) 21... Rh7 22. Nxh5 Rxh5 23. f4 $6 {
Grischuk has completely lost the track and for the caught piece he will be
left with a mere two connected pawns in the middlegame.} (23. Bxc5+ $5 Qxc5 24.
Qxc5+ Rxc5 25. f4 Ng6 (25... Rh7 26. fxe5 Rxe5 27. Rhd1 Ke8 $11) 26. Rhd1 Nf8
27. Bxh5 Rxh5 28. Rd4 a5 29. g3 e5 $15) 23... Bxd4 24. Qxd4 Nc6 25. Qe3 (25.
Qxd7+ Qxd7 26. Rxd7+ Kxd7 27. Bxh5 Ke7 $17) 25... Rh7 26. g4 Rg8 27. g5 (27. h5
Ke8 (27... e5 28. fxe5 Qxe5 29. Rhd1 Ke8 30. Qb6 Nd8 31. Qxb4 Bxe4 32. Qa4 $11)
28. g5 fxg5 29. fxg5 Qe5 $15) 27... fxg5 28. fxg5 Qe5 29. Rdd1 (29. Qb6 Bc8 30.
Rdd1 Rgh8 $15) 29... Kd8 $6 (29... Ke8 $1 $17) 30. Qb6+ (30. Bxa6 Bxa6 31. Qb6+
Ke7 32. Qxa6 Qxe4 33. Qb7 Rd8 $17) 30... Kc8 31. Qf2 $2 {The last serious
mistake in the somewhat mysteriously played game, it is very difficult to
understand why white refrained from eating a6 pawn.} (31. Bxa6 $1 Bxa6 32.
Qxa6+ Kc7 33. Qe2 $13) 31... a5 32. Rhg1 a4 $1 33. g6 a3 34. c3 (34. bxa3 bxa3
35. Qb6 Rhg7 36. h5 Qxe4 $17) 34... Rh6 35. g7 (35. Bd3 bxc3 36. Rg5 Qh8 $19)
35... bxc3 36. bxa3 (36. Qf8+ Kc7 37. Qxa3 (37. Qxg8 c2+ 38. Kxc2 Qxb2+ 39. Kd3
Ba6+ 40. Ke3 Qxe2+ 41. Kf4 Qf2+ 42. Kg4 Ne5+ 43. Kh3 Rxh4#) 37... Rxg7 $19)
36... Rf6 37. Qb6 Rf7 (37... Qxe4+ 38. Bd3 Qxh4 $19) 38. Rg5 (38. Bd3 Rfxg7 $19
) 38... Qxe4+ 39. Bd3 Qf3 {Somewhat pradoxically this active move turns out to
be slightly inaccurate, but the black's position is already completely winning.
} (39... Qxh4 40. Rb5 d6 $19) 40. Kc2 Rgxg7 41. Rxg7 Rxg7 42. Rf1 Rg2+ 43. Kc1
(43. Kxc3 Ne7 $1 44. Rxf3 Nd5+ $19) 43... Rb2 $1 44. Qxb7+ (44. Rxf3 Rxb6 45.
h5 Ne5 $19) 44... Kxb7 45. Rxf3 Rh2 46. Rf4 (46. Rf7 Ne5 47. Be4+ Kb6 48. Rf4
d5 $19) 46... d5 47. h5 e5 {By the way in the final position both parties have
three pawns, but their's potential is different as night and day.} (47... e5
48. Rg4 Nd4 $19) 0-1

[Event "FRA-chT Gp-A"]
[Site "France"]
[Date "2003.02.01"]
[Round "2.3"]
[White "Grischuk, Alexander"]
[Black "Marciano, David"]
[Result "1-0"]
[WhiteElo "2712"]
[BlackElo "2502"]
[Annotator "Wedberg,T"]
[PlyCount "81"]
[EventDate "2003.01.31"]
[EventType "team"]
[EventRounds "7"]
[EventCountry "FRA"]
[SourceTitle "CBM 094"]
[Source "ChessBase"]
[SourceDate "2003.05.26"]
[SourceVersion "1"]
[SourceVersionDate "2003.05.26"]
[SourceQuality "1"]
[WhiteTeam "Paris NAO"]
[BlackTeam "Monaco"]
[WhiteTeamCountry "FRA"]
[BlackTeamCountry "FRA"]

1. e4 e5 2. Nf3 Nc6 3. Bb5 Nf6 4. O-O Nxe4 5. d4 Nd6 6. Bxc6 dxc6 7. dxe5 Nf5
8. Qxd8+ Kxd8 9. Nc3 Bd7 10. h3 (10. Rd1 Kc8 11. Ng5 Be8 {is one of the lines
that has been tried here.}) 10... h6 (10... Kc8 11. Ng5 Be8 {is another way to
deal with Ng5.}) 11. b3 Kc8 12. Bb2 b6 13. Rad1 Ne7 14. Rd2 {Doubling up on
the d-file seems to be White's best option against the Bd7-line.} (14. Rfe1 c5
15. Nd2 Be6 16. Nf1 Kb7 17. g4 h5 $132 {0-1 Cornette,M-Rizouk,A/Montpellier
2001/EXT 2003 (34). (34)}) 14... c5 15. Rfd1 Be6 $146 (15... Bf5 16. Nh2 Be6
17. f4 Kb7 18. g4 g6 19. Ne4 Bg7 20. c4 Rae8 21. Nf3 $14 {1/2-1/2 Morovic
Fernandez,I-Mitkov,N/Poikovsky 2001/CBM 84 (52). (51)}) 16. Ne2 Ng6 17. h4 $1 {
[%mdl 4] Quite an unusual move in this line. The idea is to gain ground with
h5. Black can counter with Bg4, but that opens for the thematic break e6.} Be7
(17... h5 $6 18. Ng5 $1 $36 Nxh4 $2 19. Nxe6 fxe6 20. Nf4 $18 {[%csl Re6,Rf8]})
(17... Bg4 18. Nh2 Bxe2 19. Rxe2 Nxh4 20. Re4 Ng6 (20... Nf5 21. Rf4) 21. e6
$36) 18. h5 Nh4 19. Nxh4 Bxh4 20. Nf4 $3 {[%mdl 512] Grischuk energetically
follows up with an exchange sacrifice that promises a long lasting initiative
on the K-side.} Bg5 (20... Bf5 21. e6 $36) 21. Nxe6 Bxd2 22. Nxg7 Bg5 23. g3
Rd8 24. Rxd8+ Kxd8 25. Nf5 {[%csl Rh6]} Kd7 26. f4 Rg8 $5 {Marciano tries to
break the White bind and free his R, but Grischuk is confident in the strength
of his position and declines.} 27. Kf2 $1 (27. fxg5 Rxg5 28. Nxh6 Rxg3+ 29. Kf2
Rg5 $132) 27... Ke6 28. Ne3 Bd8 29. Kf3 f5 30. g4 fxg4+ 31. Nxg4 Bg5 {Please
take it!} 32. Bc1 $1 $18 Rf8 33. Ke4 Bxf4 34. Bxf4 Rf5 35. Nf6 c6 36. Ne8 Rf7
37. Bxh6 Rf2 38. Bf4 Rxc2 39. h6 Rc3 40. Ng7+ Ke7 41. Nf5+ 1-0

[Event "FRA-chT Gp-A"]
[Site "France"]
[Date "2003.02.02"]
[Round "3"]
[White "David, Alberto"]
[Black "Grischuk, Alexander"]
[Result "0-1"]
[WhiteElo "2548"]
[BlackElo "2712"]
[Annotator "Huebner,R"]
[PlyCount "80"]
[EventDate "2003.01.31"]
[EventType "team"]
[EventRounds "7"]
[EventCountry "FRA"]
[SourceTitle "CBM 094"]
[Source "ChessBase"]
[SourceDate "2003.05.26"]
[SourceVersion "1"]
[SourceVersionDate "2003.05.26"]
[SourceQuality "1"]
[WhiteTeam "Drancy"]
[BlackTeam "Paris NAO"]
[WhiteTeamCountry "FRA"]
[BlackTeamCountry "FRA"]

1. d4 d5 2. c4 c6 3. Nf3 Nf6 4. Nc3 dxc4 5. a4 Bf5 6. e3 e6 7. Bxc4 Bb4 8. O-O
Nbd7 9. Qe2 O-O 10. e4 Bg6 11. e5 {Den sofortigen Vorstoß halte ich nicht für
besonders kräftig.} (11. Bd3 {ist üblich.}) 11... Nd5 12. Bd2 Qa5 13. Rfc1 Rac8
14. Nh4 N5b6 15. Nxg6 hxg6 16. b3 $6 {Das ist keine Verbesserung gegenüber} (
16. Ne4 Bxd2 17. Nxd2 c5 18. dxc5 Nxc5 19. Nf3 Rfd8 20. h4 Qb4 21. a5 $11 {
1/2-1/2 Sjodahl,P-Chabanon,J/Oakham 1992/CBM 30/[Ernst] (33). (32)}) 16... c5
17. d5 exd5 18. Bxd5 Nxd5 19. Nxd5 Bxd2 20. b4 cxb4 $6 {Dies ist eine
zweischneidige, schwer zu bewertende Folge.} ({Mit der Fortsetzung} 20... Qd8
21. Qxd2 Re8 {konnte Schwarz ohne Mühe einen bequemen Vorteil erzielen.}) 21.
Ne7+ Kh7 22. Rxc8 Rxc8 23. Nxc8 b3 24. Rb1 $6 ({Eine sichere Fortsetzung für
Weiß besteht in} 24. Nd6 Nxe5 ({Es ist der Vorteil des unmittelbaren 24.Sd6,
daß jetzt} 24... Qc3 {nicht gut ist wegen der Möglichkeit} 25. Rd1 b2 26. Ne4
Qxe5 27. Qxd2 Qxe4 28. Qxb2 Qxa4 29. Ra1 Qe4 30. Qa3 {, und Weiß gewinnt.}) 25.
Rb1 Qd5 26. Ne4 {Der b-Bauer des Schwarzen geht schließlich verloren, und er
muß um das Remis kämpfen.}) 24... Qc3 25. e6 fxe6 26. Qd1 $2 {Das verliert
praktisch ein Tempo, denn wenn die Dame des Schwarzen auf c1 auftaucht, steht
die Dame des Weißen auf f1 viel besser als auf d1, weil Schwarz nicht Dc1xd1+
nebst Ld2-c1 droht. Nach} (26. Nxa7 b2 27. Nb5 Qc1+ 28. Qf1 Nc5 (28... e5 {
ist schwächer} 29. Nd6 Nc5 30. Nc4 Nxa4 31. Nxb2) 29. Nd4 e5 30. Nf3 Nxa4 31.
Nxd2 Qxd2 32. g3 {kann Schwarz endlose Schachgebote nicht verhindern; seine
Königsstellung ist zu luftig.}) 26... b2 27. Nxa7 Nc5 28. Nb5 Qc1 29. h4 (29.
Qf1 Nd3 30. g3 Ne1 31. Na3 Kg8 {gefolgt von Ld2-b4 ist schon hoffnungslos für
Weiß.}) 29... Nxa4 {Dies genügt zum Gewinn.} (29... Nd3 {ist aber auch jetzt
sehr stark:} 30. Kf1 e5 31. g3 Bb4 32. Ke2 {Sonst folgt 32...Dd1:+ nebst 33...
Sc1.} e4 33. Nd4 Qc5 {und Schwarz gewinnt.}) 30. Kh2 Nc5 ({Viel einfacher ist} 
30... Qxd1 31. Rxd1 Bc1 32. Na3 Nc3 33. Rd3 b5 {mit Gewinn.}) 31. h5 g5 32. Na3
Qc3 $2 ({Zum Gewinn führt} 32... b5 33. Nxb5 (33. g3 b4 34. Qc2+ Qxc2 35. Nxc2
Na4 {mit raschem Gewinn.}) 33... Ne4 34. Kg1 (34. Na3 Nxf2) 34... g4 35. g3 Qc5
36. Qe2 Nxf2 37. Qxd2 Ne4+ 38. Qd4 Qc1+ 39. Qd1 Qe3+ {usw.}) 33. Nb5 Qd3 34. g3
$2 (34. Kg1 Bc1 (34... Na4 35. Qf1 {entbehrt ebenfalls der Klarheit.}) 35.
Qxd3+ Nxd3 36. Kf1 {bietet Aussichten auf Widerstand.}) 34... Qf5 35. f3 Bc1 {
Dies genügt zum Gewinn.} (35... g4 {gewinnt unmittelbar:} 36. fxg4 (36. Rxb2
Qxh5+ 37. Kg2 Qh3+ 38. Kf2 Qh2+ 39. Kf1 Qh1+ 40. Ke2 Qg2#) 36... Qf2+ 37. Kh3
Ne4 {mit baldigem Matt.}) 36. Na3 (36. Nc3 b5 {ist nicht aussichtsreicher für
Weiß.}) 36... b5 37. g4 Qf4+ 38. Kg2 Qe3 39. Qc2+ Nd3 40. Nxb5 Kh6 0-1

[Event "FRA-chT Gp-A"]
[Site "France"]
[Date "2003.04.04"]
[Round "5.2"]
[White "Grischuk, Alexander"]
[Black "Gurevich, Mikhail"]
[Result "1-0"]
[WhiteElo "2712"]
[BlackElo "2634"]
[Annotator "Psakhis,L"]
[PlyCount "67"]
[EventDate "2003.01.31"]
[EventType "team"]
[EventRounds "7"]
[EventCountry "FRA"]
[SourceTitle "CBM 095"]
[Source "ChessBase"]
[SourceDate "2003.07.25"]
[SourceVersion "1"]
[SourceVersionDate "2003.07.25"]
[SourceQuality "1"]
[WhiteTeam "Paris NAO"]
[BlackTeam "Gonfreville"]
[WhiteTeamCountry "FRA"]
[BlackTeamCountry "FRA"]

1. e4 e6 2. d4 d5 3. e5 c5 4. c3 Bd7 5. Nf3 Qb6 6. a3 (6. Be2) (6. Bd3 $5) 6...
Bb5 7. b4 (7. c4 $5 Bxc4 8. Bxc4 dxc4 9. d5) 7... cxd4 8. Bxb5+ $1 Qxb5 9. cxd4
Nd7 10. Nc3 Qc6 11. Na4 $5 {The future of this variation depends upon the
evaluation of this move.} ({White failed to get any advantage after} 11. Bb2
Nb6 12. Nd2 Ne7 13. O-O Nf5 14. Rc1 Qd7 15. Ne2 Be7 $11 {[%csl Rb2] 0-1
Alekseev,E-Rustemov,A/Russia 2001/ (30)}) (11. Bd2 $5 Nb6 12. O-O Ne7 13. b5
Qc4 14. a4 Nf5 15. a5 Nd7 16. Ra4 $36 {1-0 Voelker,S-Taudte,S/BL2 0001 2001/
GER (42)}) 11... Ne7 $146 {Despite its obviousness, Black's last move looks
like a novelty} (11... Nb6 12. Nxb6 (12. Nc5 Nc4) 12... axb6 13. Bb2 Ne7 (13...
Nh6 14. Rc1 Qd7 15. Rc3 Be7 16. Bc1 $5 $16) 14. O-O Nc8 15. Rc1 Qd7 16. Rc3 $16
{Torre,E-Bagamasbad,E/Greenhills op 1997/1-0 (58)}) 12. Be3 Nb6 (12... Nf5 $5)
13. Nxb6 Qxb6 14. O-O {This position doesn't look too dangerous for Black, but
Grischuk has some advantage in space and ready for active operations on both
flanks.} Nc6 (14... Nf5) (14... Qb5 $5 15. a4 $5 Qd7 16. b5 Nf5 17. Qd3 Be7 $13
(17... Nxe3 $6 18. fxe3 Be7)) 15. Ne1 $1 {[%cal Ge1d3,Gd1g4]} Be7 (15... a5 16.
Qa4 Be7 17. Nd3 O-O 18. b5 Na7 19. Rab1 $36) 16. Qg4 g6 17. Nd3 {Surely White
keep some advantage, but he needs to invest a very big effort to get something
real.} O-O (17... a5 $5 18. Nc5 $14) 18. Nc5 Qc7 (18... Bxc5 $2 19. bxc5 {
[%cal Ge3g5,Gg4h4]}) 19. Rac1 Rfc8 20. h4 $5 {Here Black should play very
accurately in order not to get the worst position.} (20. Rc3 $5 {[%cal Gf1c1]})
20... b6 21. Nd3 Qd7 22. h5 {[%csl Rg6][%cal Gd3f4] Despite the reduced
material, White can still generate dangerous threats on the king's side} Bf8 (
22... a5 23. b5 Nd8 24. a4) 23. Nf4 Bg7 (23... b5 $5 {[%cal Ga7a5]} 24. Nd3 a5
25. Nc5 Qe8 $132) 24. h6 Bxh6 $2 {Important moment.I have feeling that better
chances for defense Black could keep} (24... Bh8 {[%csl Rh8]}) ({in the case of
} 24... Bf8 $5 25. Nh5 Be7 $13) 25. Nh5 $1 (25. Nxg6 $143 $6 fxg6 26. Bxh6 Ne7
$13) 25... Bg7 26. Nxg7 Kxg7 27. Qh4 $40 {[%csl Rf6,Rh6]} Kg8 (27... h5 28.
Qf6+ Kh7 29. g4 Qe7 $1 30. Qf4 $1 (30. Rxc6 Qxf6 31. Rxc8 Qf3 $1 32. Rxa8 Qxg4+
$11) 30... g5 31. Qh2 h4 32. f4 $40) 28. Bg5 f5 (28... h5 29. Bf6 {[%cal Rg2g4,
Rc1c3]}) 29. exf6 Nd8 (29... e5 $5 30. f4 $5 e4 31. f5 $1) 30. Qh6 Rc4 $2 {
Last mistake.Saving himself from one threat, Black is under a new one.} ({
It is not easy to assess positions arising after} 30... b5 $142 {[%cal Gc8c4]
for example} 31. Rc5 $140 Rxc5 32. dxc5 Nc6) 31. Rxc4 dxc4 {[%tqu "En","How
white must play now?","","","d4d5","Final breakthrough!",10,"f1e1","",0]} 32.
d5 $1 {Final breakthrough!} (32. Re1 {[%cal Gd4d5]}) 32... a5 33. Re1 Ra7 34.
f7+ $1 (34. f7+ Nxf7 (34... Qxf7 35. Bxd8 exd5 36. Bxb6 $18) 35. dxe6 Nxh6 36.
exd7 Rxd7 37. Bxh6 $18) 1-0

[Event "FRA-chT Gp-A"]
[Site "France"]
[Date "2003.04.05"]
[Round "6.5"]
[White "Grischuk, Alexander"]
[Black "Apicella, Manuel"]
[Result "1-0"]
[WhiteElo "2712"]
[BlackElo "2501"]
[Annotator "Psakhis,L"]
[PlyCount "70"]
[EventDate "2003.01.31"]
[EventType "team"]
[EventRounds "7"]
[EventCountry "FRA"]
[SourceTitle "CBM 095"]
[Source "ChessBase"]
[SourceDate "2003.07.25"]
[SourceVersion "1"]
[SourceVersionDate "2003.07.25"]
[SourceQuality "1"]
[WhiteTeam "Paris NAO"]
[BlackTeam "Clichy"]
[WhiteTeamCountry "FRA"]
[BlackTeamCountry "FRA"]

1. e4 e6 2. d4 d5 3. e5 c5 4. c3 Nc6 5. Nf3 Qb6 6. a3 c4 7. Nbd2 Na5 8. g3 Bd7
9. h4 {[%cal Gh4h5] This move become very popular in modern practice.} (9. Bh3)
{Black have and other interesting options, for example} 9... f5 (9... Be7) (
9... Ne7) ({or, maybe most popular move} 9... O-O-O $5) 10. exf6 Nxf6 ({
Worth considering} 10... gxf6 $5 {and doesn't work} 11. Ne5 $2 fxe5 12. Qh5+
Ke7 13. Qg5+ Kf7 14. Nf3 Bg7 15. Nxe5+ Bxe5 16. Qxe5 Nf6 $19 {Korbut,
E-Novikova,A/RUS-ch G20 Vladimir 2002/The Week in Chess 384/0-1 (41)}) 11. Ne5
Bd6 12. Bh3 {[%csl Re6,Gh3] It's become quite clear, that White took
initiative in his hands.} Bxe5 $146 (12... Bc7 13. Qe2 Rf8 14. O-O O-O-O 15.
Nxd7 Kxd7 16. Rb1 Rde8 17. b3 Nxb3 18. Nxb3 cxb3 19. c4 $36 {Garcia,C-Rayo,M/
ESP-ch Almeria 1989/Vaiser/1-0 (39)}) (12... Bc8 13. h5 $36) 13. dxe5 Ng8 14.
Qg4 g6 {Unfortunately, Apicella can't protect king side without this move,
which produced many weak squares.} 15. O-O Ne7 16. Nf3 (16. Rb1 Rf8 17. Nf3
$140 $4 h5 $19) 16... Nb3 17. Be3 $1 {Surely, Grischuk doesn't want to
exchange dark-squared bishop} Qc7 18. Rad1 h6 ({Worth considering} 18... Nf5 $5
19. Bg5 Nc5 20. Bf6 Rg8 {[%cal Gc5e4]}) 19. h5 $1 g5 20. Nd4 {[%cal Gf2f4]
White is ready for active operations.} Nxd4 (20... Nc5 21. f4 $36) 21. cxd4
O-O-O 22. Bd2 {[%cal Gd2c3]} (22. b3 $5) 22... Nc6 (22... Qb6 23. Bc3) 23. Kh2
b5 24. f4 (24. Bc1 $5) 24... gxf4 $6 {And Black fails to find the better
continuation!} (24... Nxd4 $142 25. fxg5 Nb3 26. Bf4 hxg5 27. Qxg5 Nc5 $132)
25. Rxf4 {[%csl Rh6]} Qb6 (25... Rdg8 26. Qh4) 26. Rf6 {[%csl Rh6] Now Black
just can't protect any more weak h6 pawn.} (26. Bc3 a5) 26... b4 (26... Qxd4
27. Qxd4 Nxd4 28. Ba5 Nc6 29. Bxd8 Nxd8 30. Kg2 $16) 27. axb4 Nxb4 (27... Qxd4
28. Qxd4 Nxd4 29. Bxh6 Nc6 30. Bxe6 $16) 28. Bxh6 {Apicella has lost simply
his pawns without getting too much compensation for them!} (28. Qf3 $5 Nd3 29.
Bc3) 28... Nd3 29. Rd2 Nxb2 (29... Rdg8 30. Bg7 {[%cal Gh5h6]}) 30. Bg7 Rhe8
31. h6 {[%csl Gh6]} a5 32. h7 $18 {Rest is very simple} a4 33. Qf3 $1 Qb4 34.
Rf2 c3 35. Rf8 $1 {This rook had a splendid career in this game!} Qb3 1-0

[Event "Moscow Aeroflot op-A"]
[Site "Moscow"]
[Date "2003.02.11"]
[Round "1"]
[White "Zagrebelny, Sergey"]
[Black "Grischuk, Alexander"]
[Result "1/2-1/2"]
[WhiteElo "2540"]
[BlackElo "2712"]
[PlyCount "100"]
[EventDate "2003.02.10"]
[EventType "swiss"]
[EventRounds "9"]
[EventCountry "RUS"]
[SourceTitle "CBM 094"]
[Source "ChessBase"]
[SourceDate "2003.05.26"]
[SourceVersion "1"]
[SourceVersionDate "2003.05.26"]
[SourceQuality "1"]

1. e4 e5 2. Nf3 Nc6 3. Bb5 a6 4. Ba4 Nf6 5. O-O Be7 6. d3 b5 7. Bb3 d6 8. c3
O-O 9. Nbd2 Na5 10. Bc2 c5 11. Re1 Nc6 12. Nf1 Re8 13. Ng3 h6 14. h3 Be6 15. d4
cxd4 16. cxd4 exd4 17. Nxd4 Nxd4 18. Qxd4 Rc8 19. Bb3 d5 20. e5 Nd7 21. Be3 Nb8
22. Nh5 Bc5 23. Qf4 Qg5 24. Qxg5 hxg5 25. Bxg5 Bd4 26. Re2 Nc6 27. Rd1 Bxe5 28.
Bxd5 Bxd5 29. Rxd5 Bh2+ 30. Kf1 Rxe2 31. Kxe2 Be5 32. Rd2 Na5 33. b3 Nc6 34.
Be3 Nb4 35. Kf3 a5 36. a3 Nc2 37. Rd5 Bc3 38. Rxb5 Nxa3 39. Rc5 Rxc5 40. Bxc5
Nc2 41. Ke4 Na1 42. Bd4 Bxd4 43. Kxd4 Nxb3+ 44. Kc4 a4 45. Nf4 Nc5 46. Kb4 Kh7
47. Ne2 Nd3+ 48. Kxa4 Nxf2 49. Kb4 Nd1 50. Kc5 Ne3 1/2-1/2